[Event "TUR-chT2"]
[Site "Konya"]
[Date "2018.07.12"]
[Round "5.8"]
[White "Akbas, Muhammet Eray"]
[Black "Salman, Ilhan Serhat"]
[Result "0-1"]
[WhiteElo "1411"]
[BlackElo "1959"]
[PlyCount "52"]
[EventDate "2018.07.10"]
[EventType "team-swiss"]
[EventRounds "9"]
[EventCountry "TUR"]
[SourceTitle "EXT 2019"]
[Source "ChessBase"]
[SourceDate "2018.10.10"]
[SourceVersion "1"]
[SourceVersionDate "2018.10.10"]
[SourceQuality "1"]
[WhiteTeam "Burdur Belediyesi"]
[BlackTeam "Duzce Duzcespor"]
[WhiteTeamCountry "TUR"]
[BlackTeamCountry "TUR"]

1. d4 g6 2. c4 Bg7 3. Nf3 d6 4. Nc3 Nf6 5. e4 0-0 6. Bd3 Nfd7 7. Be3 e5 8. d5 f5 9. Qc2 Na6 10. a3 Nac5 11. b4 Nxd3+ 12. Qxd3 Nf6 13. Bg5 Qe8 14. Bxf6 Rxf6 15. Nd2 Qe7 16. 0-0-0 Bd7 17. f3 Bh6 18. Kb2 Raf8 19. Rhe1 Bf4 20. Nf1 Bh6 21. Nd2 R6f7 22. Qf1 g5 23. Qg1 b6 24. Rf1 Kh8 25. Ne2 g4 26. Ng3 gxf3 0-1

[Event "TUR-chT2"]
[Site "Konya"]
[Date "2017.07.12"]
[Round "5.16"]
[White "Akbas, Muhammet Eray"]
[Black "Cora, Efe"]
[Result "1-0"]
[WhiteElo "1448"]
[BlackElo "1237"]
[PlyCount "82"]
[EventDate "2017.07.09"]
[EventType "team-swiss"]
[EventRounds "9"]
[EventCountry "TUR"]
[SourceTitle "CBM 179 Extra"]
[Source "ChessBase"]
[SourceDate "2017.08.23"]
[SourceVersion "1"]
[SourceVersionDate "2017.08.23"]
[SourceQuality "1"]
[WhiteTeam "Burdur Belediyesi"]
[BlackTeam "Duzcespor"]
[WhiteTeamCountry "TUR"]
[BlackTeamCountry "TUR"]

1. e4 e6 2. d4 d5 3. exd5 exd5 4. Qf3 c6 5. Bd3 Bd6 6. h3 Ne7 7. Ne2 0-0 8. Bf4 Be6 9. Nd2 b5 10. Qg3 Bxf4 11. Nxf4 Bf5 12. 0-0-0 Na6 13. a3 Rb8 14. Nb3 Bxd3 15. Qxd3 Qd6 16. g3 Rb6 17. Qc3 b4 18. axb4 Qxb4 19. Qxb4 Rxb4 20. Rhe1 Nc8 21. Nd3 Rb6 22. Nbc5 Nd6 23. Nd7 Rbb8 24. Nxf8 Kxf8 25. Ne5 Rc8 26. f3 Nb4 27. c3 Na6 28. Kc2 f6 29. Nd7+ Kf7 30. Ra1 Rc7 31. Rxa6 Rxd7 32. Rxc6 Nf5 33. Ra6 Nxg3 34. Rea1 h5 35. Rxa7 Rxa7 36. Rxa7+ Kg6 37. b4 Ne2 38. b5 Nf4 39. b6 Nxh3 40. b7 Ng5 41. b8Q Nxf3 1-0

[Event "TUR-chT2"]
[Site "Konya"]
[Date "2017.07.11"]
[Round "4.23"]
[White "Karakus, Ali"]
[Black "Akbas, Muhammet Eray"]
[Result "0-1"]
[WhiteElo "1137"]
[BlackElo "1448"]
[PlyCount "115"]
[EventDate "2017.07.09"]
[EventType "team-swiss"]
[EventRounds "9"]
[EventCountry "TUR"]
[SourceTitle "CBM 179 Extra"]
[Source "ChessBase"]
[SourceDate "2017.08.23"]
[SourceVersion "1"]
[SourceVersionDate "2017.08.23"]
[SourceQuality "1"]
[WhiteTeam "Dumlupinar Turk"]
[BlackTeam "Burdur Belediyesi"]
[WhiteTeamCountry "TUR"]
[BlackTeamCountry "TUR"]

1. e4 d5 2. exd5 Nf6 3. d4 Nxd5 4. Nf3 Nc6 5. c4 Nb6 6. Nc3 Bg4 7. Be3 e6 8. a3 Be7 9. h3 Bxf3 10. Qxf3 Bf6 11. Rd1 Qe7 12. Be2 0-0-0 13. Qe4 Rd7 14. c5 Nd5 15. Nxd5 Rxd5 16. Bc4 Rd7 17. Bb5 Rd5 18. Bxc6 bxc6 19. 0-0 Rhd8 20. Rd3 Qd7 21. Rfd1 e5 22. Rb3 Rxc5 23. Qd3 Rb5 24. Rxb5 cxb5 25. d5 a6 26. Qc3 Kb7 27. Qc5 Ra8 28. Rd2 Be7 29. Qc3 Bd6 30. Bc5 Bxc5 31. Qxc5 Qd6 32. Qc3 Rd8 33. Qc6+ Qxc6 34. dxc6+ Kc8 35. Rc2 Rd6 36. f3 Kb8 37. Kf2 Ka7 38. Ke3 f5 39. Rc5 Re6 40. f4 exf4+ 41. Kxf4 Re2 42. Rxf5 Rxg2 43. Rg5 Rxg5 44. Kxg5 Kb6 45. Kf5 Kxc6 46. Ke6 a5 47. Kf7 g5 48. Kf6 Kd6 49. Kxg5 Ke5 50. h4 c5 51. h5 b4 52. axb4 cxb4 53. Kh6 Kf6 54. Kxh7 Kf7 55. h6 a4 56. Kh8 a3 57. b3 a2 58. Kh7 0-1